| 000 | 00411nam a2200157Ia 4500 | ||
|---|---|---|---|
| 008 | 210716s2009 xx 000 0 und d | ||
| 020 | _a9788131512241 | ||
| 041 | _aeng | ||
| 082 | _a005.41 HUAH | ||
| 100 | _aHuang, Han Way. | ||
| 245 | _aEmbedded system design using c8051. | ||
| 250 | _a1 | ||
| 260 |
_aNew Delhi _bCengage Learning India Pvt Ltd _c2009 |
||
| 300 | _a668 | ||
| 650 | _aEmbedded Programming | ||
| 999 |
_c189980 _d189980 |
||